书目信息 |
| 题名: |
电子自旋共振的生物学应用
|
|
| 作者: | 斯沃茨 编 | |
| 分册: | ||
| 出版信息: | 北京 科学出版社 1978 |
|
| 页数: | 620页 | |
| 开本: | 19cm | |
| 丛书名: | ||
| 单 册: | ||
| 中图分类: | O322 | |
| 科图分类: | ||
| 主题词: | 电子自旋共振-应用-生物学 , 生物学-电子自旋共振-应用 , 振动理论 | |
| 电子资源: | ||
| ISBN: | ||
| 000 | 00753nam0 2200241 45 | |
| 001 | 0178005696 | |
| 005 | 20060424165011.25 | |
| 010 | @dCNY2.40 | |
| 091 | @a13031.760 | |
| 100 | @a19950727d1978 em y0chiy0121 ea | |
| 101 | 1 | @achi@ceng |
| 102 | @aCN@b110000 | |
| 105 | @ay z 000yy | |
| 200 | 10 | @a电子自旋共振的生物学应用@Adian zi zi xuan gong zhen de sheng wu xue ying yong@f(苏)Н·М·斯沃茨等编@F(su)Н·М·si wo ci deng bian@g《电子自旋共振的生物学应用》翻译组译 |
| 210 | @a北京@c科学出版社@d1978 | |
| 215 | @a620页@d19cm | |
| 606 | @a电子自旋共振-应用-生物学 | |
| 606 | @a生物学-电子自旋共振-应用 | |
| 606 | 0 | @a振动理论 |
| 690 | @aO322@v4 | |
| 701 | 0 | @a斯沃茨@Asi wo ci@4编 |
| 801 | 0 | @aCN@bTSSF@c20060424 |
| 905 | @a10447@dO322@e1 | |
| 电子自旋共振的生物学应用/(苏)Н·М·斯沃茨等编/《电子自旋共振的生物学应用》翻译组译.-北京:科学出版社,1978 |
| 620页;19cm |
| ISBN :CNY2.40 |
| ● |
| 相关链接 |
|
|
|
|
正题名:电子自旋共振的生物学应用
索取号:O322/1
 
预约/预借
| 序号 | 登录号 | 条形码 | 馆藏地/架位号 | 状态 | 备注 |
| 1 | 0003160 | 202261523 | 密集书库/ [索取号:O322/1] | 在馆 | |
| 2 | 0003161 | 000384998 | 第二样本阅览室/ [索取号:O322/1] | 在馆 |